| 000 | 01238cam a2200241 4500 | ||
|---|---|---|---|
| 001 | ABS65579 | ||
| 008 | 020625n2002 000 0 eng u | ||
| 035 | _a(Sirsi) u118528 | ||
| 100 | _aGach, A. | ||
| 245 | _aProtection of cultural property in Austria | ||
| 260 | _c2002 | ||
| 490 |
_aArt Antiquity and Law _v6(4) December 2001, 309-324(16) |
||
| 520 | _aOutlines the problems and ways of tackling the issue of theft of the cultural property of Austria. In 2001 art thefts totalled 147 - the majority of stolen items were paintings and sculptures. The article looks at the kinds of art theft carried out; the organisations who fight against thefts and illegal excavations; the Austrian art and antiquities trade; Austrial law; international conventions; the role of museums and how the Internet plays a central role for law enforcement agencies. Concludes that the situation in Austria is managed fairly well, although there is still plenty that can be done to improve the situation. | ||
| 590 | _aABS | ||
| 650 | _aART THEFT | ||
| 650 | _aAUSTRIA | ||
| 650 | _aCULTURAL PROPERTY | ||
| 650 | _aLAW ENFORCEMENT | ||
| 650 | _aANTIQUES TRADE | ||
| 690 |
_aArts and antiques _96217 |
||
| 700 | _aSzemethy, H.D. | ||
| 942 | _n0 | ||
| 999 |
_c70574 _d70574 |
||